[Event "MCR druzstev mladsich zaku 2016"]
[Site "Hradec Kralove"]
[Date "2016.06.12"]
[Round "8.11"]
[White "Habenicht (Novy Bor), Martin"]
[Black "Bartos (Ricany A), Vaclav"]
[Result "0-1"]
[BlackElo "1232"]
[WhiteElo "1264"]
[LiveChessVersion "1.4.8"]

1. d3 {[%clk 0:25:17]} Nf6 {[%clk 0:25:14]} 2. Nf3 {[%clk 0:25:24]} g6
{[%clk 0:25:21]} 3. g3 {[%clk 0:25:29]} Bg7 {[%clk 0:25:27]} 4. Bg2
{[%clk 0:25:34]} d6 {[%clk 0:25:35]} 5. c4 {[%clk 0:25:24]} O-O {[%clk 0:25:41]}
6. O-O {[%clk 0:25:30]} Nc6 {[%clk 0:25:34]} 7. a3 {[%clk 0:25:05]} e5
{[%clk 0:25:38]} 8. e4 {[%clk 0:24:54]} Bg4 {[%clk 0:24:43]} 9. Be3
{[%clk 0:24:31]} Qd7 {[%clk 0:23:41]} 10. Nbd2 {[%clk 0:23:37]} Ne7
{[%clk 0:20:53]} 11. b4 {[%clk 0:21:23]} c6 {[%clk 0:20:18]} 12. Nb3
{[%clk 0:21:22]} b6 {[%clk 0:18:45]} 13. Qc2 {[%clk 0:20:28]} Qc7
{[%clk 0:17:31]} 14. Rac1 {[%clk 0:19:05]} c5 {[%clk 0:16:23]} 15. b5
{[%clk 0:16:09]} a6 {[%clk 0:16:28]} 16. a4 {[%clk 0:15:28]} axb5
{[%clk 0:15:18]} 17. axb5 {[%clk 0:15:21]} Ra3 {[%clk 0:14:50]} 18. Ra1
{[%clk 0:14:32]} Rfa8 {[%clk 0:14:34]} 19. Rxa3 {[%clk 0:14:31]} Rxa3
{[%clk 0:14:05]} 20. Ra1 {[%clk 0:13:12]} Rxa1+ {[%clk 0:13:28]} 21. Nxa1
{[%clk 0:13:19]} Qa7 {[%clk 0:13:35]} 22. Qb2 {[%clk 0:12:02]} Qa4
{[%clk 0:11:32]} 23. Nb3 {[%clk 0:09:35]} Qb4 {[%clk 0:10:33]} 24. Bd2
{[%clk 0:09:31]} Qa4 {[%clk 0:09:49]} 25. h3 {[%clk 0:09:29]} Be6
{[%clk 0:09:33]} 26. Qc2 {[%clk 0:07:25]} Nxe4 {[%clk 0:04:04]} 27. Bg5
{[%clk 0:03:54]} f6 {[%clk 0:03:14]} 28. dxe4 {[%clk 0:03:22]} Bxc4
{[%clk 0:02:49]} 29. Nfd2 {[%clk 0:03:25]} Bxb3 {[%clk 0:02:52]} 30. Qxb3+
{[%clk 0:03:33]} Qxb3 {[%clk 0:03:00]} 31. Nxb3 {[%clk 0:03:41]} fxg5
{[%clk 0:03:08]} 32. Nd2 {[%clk 0:03:25]} Kf7 {[%clk 0:03:10]} 33. Kf1
{[%clk 0:03:32]} Ke6 {[%clk 0:03:18]} 34. h4 {[%clk 0:03:25]} gxh4
{[%clk 0:03:26]} 35. gxh4 {[%clk 0:03:33]} d5 {[%clk 0:03:27]} 36. f3
{[%clk 0:03:15]} Kd6 {[%clk 0:03:12]} 37. Kf2 {[%clk 0:03:05]} c4
{[%clk 0:03:13]} 38. exd5 {[%clk 0:03:06]} Kxd5 {[%clk 0:03:18]} 39. f4+
{[%clk 0:03:05]} Kc5 {[%clk 0:03:26]} 40. fxe5 {[%clk 0:03:04]} Bxe5
{[%clk 0:03:33]} 41. Bf1 {[%clk 0:03:13]} Kxb5 {[%clk 0:03:29]} 42. Bxc4+
{[%clk 0:03:19]} Kb4 {[%clk 0:02:59]} 43. Be2 {[%clk 0:02:36]} b5
{[%clk 0:02:49]} 44. Ne4 {[%clk 0:02:32]} Nf5 {[%clk 0:02:25]} 45. h5
{[%clk 0:02:06]} gxh5 {[%clk 0:02:04]} 46. Bxh5 {[%clk 0:02:13]} Ka3
{[%clk 0:02:11]} 47. Nc5 {[%clk 0:01:59]} b4 {[%clk 0:01:51]} 48. Bf7
{[%clk 0:02:00]} Bd4+ {[%clk 0:01:58]} 49. Kf3 {[%clk 0:02:00]} Bxc5
{[%clk 0:02:04]} 50. Kf4 {[%clk 0:01:57]} Nd6 {[%clk 0:02:05]} 51. Bg8
{[%clk 0:02:00]} b3 {[%clk 0:02:05]} 52. Bxh7 {[%clk 0:02:08]} b2
{[%clk 0:02:08]} 53. Ke5 {[%clk 0:02:11]} Kb3 {[%clk 0:01:44]} 54. Bb1
{[%clk 0:02:11]} Nc4+ {[%clk 0:01:45]} 55. Kd5 {[%clk 0:01:42]} Na3
{[%clk 0:01:46]} 56. Bg6 {[%clk 0:01:46]} Nc2 {[%clk 0:01:54]} 57. Bxc2+
{[%clk 0:01:22]} Kxc2 {[%clk 0:02:03]} 58. Kxc5 {[%clk 0:01:29]} b1=Q
{[%clk 0:02:10]} 59. Kd4 {[%clk 0:01:37]} Qb5 {[%clk 0:02:15]} 60. Ke4
{[%clk 0:01:46]} Kc3 {[%clk 0:02:22]} 61. Kf4 {[%clk 0:01:54]} Kd4
{[%clk 0:02:31]} 62. Kf3 {[%clk 0:02:00]} Qe5 {[%clk 0:02:39]} 63. Kg4
{[%clk 0:02:07]} Qf6 {[%clk 0:02:45]} 64. Kg3 {[%clk 0:02:14]} Ke4
{[%clk 0:02:53]} 65. Kg4 {[%clk 0:02:21]} Qg7+ {[%clk 0:02:58]} 66. Kh3
{[%clk 0:02:26]} Kf4 {[%clk 0:03:07]} 67. Kh2 {[%clk 0:02:34]} Kf3
{[%clk 0:03:15]} 68. Kh1 {[%clk 0:02:43]} Qg2# 0-1

[Event "MCR druzstev mladsich zaku 2016"]
[Site "Hradec Kralove"]
[Date "2016.06.12"]
[Round "8.12"]
[White "Smolik (Ricany A), Jachym"]
[Black "Kulasova (Novy Bor), Nikola"]
[Result "1-0"]
[BlackElo "1000"]
[WhiteElo "1284"]
[LiveChessVersion "1.4.8"]

1. e4 e6 {[%clk 0:25:19]} 2. d4 {[%clk 0:25:25]} d5 {[%clk 0:25:25]} 3. e5
{[%clk 0:25:33]} c5 {[%clk 0:25:29]} 4. c3 {[%clk 0:25:30]} cxd4 {[%clk 0:25:11]}
5. cxd4 {[%clk 0:25:38]} Nc6 {[%clk 0:25:11]} 6. Bb5 {[%clk 0:25:41]} Bd7
{[%clk 0:25:18]} 7. Nc3 {[%clk 0:25:07]} Nh6 {[%clk 0:25:04]} 8. Bxh6
{[%clk 0:24:50]} gxh6 {[%clk 0:24:57]} 9. Qd3 {[%clk 0:23:41]} Qb6
{[%clk 0:24:41]} 10. Rd1 {[%clk 0:23:21]} Bb4 {[%clk 0:24:34]} 11. Ba4
{[%clk 0:23:09]} Qa5 {[%clk 0:23:15]} 12. Bb3 {[%clk 0:20:07]} O-O-O
{[%clk 0:21:06]} 13. Nge2 {[%clk 0:20:01]} Rhg8 {[%clk 0:20:40]} 14. O-O
{[%clk 0:19:40]} Qb6 {[%clk 0:19:15]} 15. Rc1 {[%clk 0:18:29]} Na5
{[%clk 0:18:59]} 16. Nxd5+ {[%clk 0:18:30]} Kb8 {[%clk 0:18:36]} 17. Nxb6
{[%clk 0:18:37]} axb6 {[%clk 0:18:09]} 18. Qxh7 {[%clk 0:16:11]} Rh8
{[%clk 0:17:42]} 19. Qxf7 {[%clk 0:15:21]} Rhg8 {[%clk 0:16:34]} 20. Ng3
{[%clk 0:09:57]} Nxb3 {[%clk 0:15:47]} 21. axb3 {[%clk 0:09:26]} Rc8
{[%clk 0:14:33]} 22. Qxd7 {[%clk 0:08:43]} Rxc1 {[%clk 0:14:25]} 23. Rxc1
{[%clk 0:08:47]} Rg6 {[%clk 0:13:41]} 24. Qe8+ {[%clk 0:08:32]} Ka7
{[%clk 0:13:29]} 25. Qxg6 {[%clk 0:08:22]} Bd2 {[%clk 0:13:11]} 26. Ra1+
{[%clk 0:08:13]} Kb8 {[%clk 0:13:13]} 27. Qe8+ {[%clk 0:08:08]} Kc7
{[%clk 0:13:01]} 28. Qe7+ {[%clk 0:07:58]} Kc6 {[%clk 0:12:44]} 29. Qd6+
{[%clk 0:07:58]} Kb5 {[%clk 0:12:24]} 30. Qd7+ {[%clk 0:07:33]} Kb4
{[%clk 0:11:31]} 31. Qa4# 1-0

[Event "MCR druzstev mladsich zaku 2016"]
[Site "Hradec Kralove"]
[Date "2016.06.12"]
[Round "8.13"]
[White "Stalmach (BSS F-M \"B\"), Richard"]
[Black "Kures (Loko Brno), Michael"]
[Result "1/2-1/2"]
[BlackElo "1633"]
[WhiteElo "1843"]
[LiveChessVersion "1.4.8"]

1. d4 {[%clk 0:25:18]} d5 {[%clk 0:25:00]} 2. Nf3 {[%clk 0:25:26]} Nf6
{[%clk 0:25:07]} 3. c4 {[%clk 0:25:35]} c6 {[%clk 0:25:16]} 4. g3
{[%clk 0:25:42]} a6 {[%clk 0:25:24]} 5. b3 {[%clk 0:25:49]} b5 {[%clk 0:25:32]}
6. cxd5 {[%clk 0:25:47]} cxd5 {[%clk 0:25:40]} 7. Bg2 {[%clk 0:25:07]} Nc6
{[%clk 0:25:29]} 8. O-O {[%clk 0:24:09]} Bf5 {[%clk 0:25:27]} 9. Nc3
{[%clk 0:22:28]} e6 {[%clk 0:25:23]} 10. Bb2 {[%clk 0:21:56]} Bd6
{[%clk 0:25:18]} 11. Kh1 {[%clk 0:21:21]} O-O {[%clk 0:25:01]} 12. Nh4
{[%clk 0:21:27]} Bg4 {[%clk 0:23:47]} 13. f3 {[%clk 0:15:42]} Bh5
{[%clk 0:22:36]} 14. Qd2 {[%clk 0:15:27]} b4 {[%clk 0:18:08]} 15. Na4
{[%clk 0:13:49]} a5 {[%clk 0:13:40]} 16. e4 {[%clk 0:13:50]} Bc7 {[%clk 0:13:15]}
17. e5 {[%clk 0:11:20]} Nd7 {[%clk 0:12:21]} 18. f4 {[%clk 0:11:15]} Ne7
{[%clk 0:11:22]} 19. h3 {[%clk 0:11:10]} Ng6 {[%clk 0:10:26]} 20. Nxg6
{[%clk 0:10:40]} Bxg6 {[%clk 0:10:08]} 21. g4 {[%clk 0:10:30]} f5
{[%clk 0:07:57]} 22. exf6 {[%clk 0:09:16]} Nxf6 {[%clk 0:07:30]} 23. Nc5
{[%clk 0:08:36]} Re8 {[%clk 0:06:30]} 24. Rae1 {[%clk 0:08:37]} Bf7
{[%clk 0:05:58]} 25. f5 {[%clk 0:05:50]} exf5 {[%clk 0:05:38]} 26. gxf5
{[%clk 0:05:58]} Qd6 {[%clk 0:05:26]} 27. Bf3 {[%clk 0:05:52]} 1/2-1/2

[Event "MCR druzstev mladsich zaku 2016"]
[Site "Hradec Kralove"]
[Date "2016.06.12"]
[Round "8.14"]
[White "Hvozdovic (Loko Brno), Jan"]
[Black "Nytra (BSS F-M \"B\"), Ondrej"]
[Result "1/2-1/2"]
[BlackElo "1773"]
[WhiteElo "1600"]
[LiveChessVersion "1.4.8"]

1. e4 {[%clk 0:25:17]} e5 {[%clk 0:25:19]} 2. Nf3 {[%clk 0:25:22]} Nc6
{[%clk 0:25:27]} 3. Bb5 {[%clk 0:25:30]} a6 {[%clk 0:25:35]} 4. Bxc6
{[%clk 0:25:36]} dxc6 {[%clk 0:25:43]} 5. d4 {[%clk 0:25:23]} exd4
{[%clk 0:25:44]} 6. Qxd4 {[%clk 0:25:28]} Qxd4 {[%clk 0:25:29]} 7. Nxd4
{[%clk 0:25:35]} Bc5 {[%clk 0:25:38]} 8. Be3 {[%clk 0:25:32]} Nf6
{[%clk 0:25:40]} 9. f3 {[%clk 0:25:24]} O-O {[%clk 0:25:46]} 10. Nd2
{[%clk 0:23:12]} Rd8 {[%clk 0:25:37]} 11. c3 {[%clk 0:22:10]} Nd7
{[%clk 0:25:34]} 12. O-O-O {[%clk 0:19:20]} Ne5 {[%clk 0:25:21]} 13. Rhf1
{[%clk 0:17:30]} a5 {[%clk 0:24:21]} 14. a3 {[%clk 0:16:11]} a4 {[%clk 0:23:47]}
15. Nc2 {[%clk 0:14:26]} Bxe3 {[%clk 0:21:35]} 16. Nxe3 {[%clk 0:14:26]} Be6
{[%clk 0:21:38]} 17. f4 {[%clk 0:09:28]} Nd3+ {[%clk 0:21:07]} 18. Kb1
{[%clk 0:09:08]} f6 {[%clk 0:21:05]} 19. f5 {[%clk 0:08:29]} Bf7 {[%clk 0:21:14]}
20. g4 {[%clk 0:08:20]} b5 {[%clk 0:20:21]} 21. h4 {[%clk 0:07:09]} c5
{[%clk 0:20:12]} 22. g5 {[%clk 0:04:23]} fxg5 {[%clk 0:19:53]} 23. hxg5
{[%clk 0:04:26]} b4 {[%clk 0:20:00]} 24. axb4 {[%clk 0:03:10]} cxb4
{[%clk 0:20:09]} 25. c4 {[%clk 0:03:00]} a3 {[%clk 0:19:55]} 26. b3
{[%clk 0:02:07]} a2+ {[%clk 0:19:35]} 27. Kc2 {[%clk 0:02:14]} Nc5
{[%clk 0:19:39]} 28. Nd5 {[%clk 0:02:00]} Bxd5 {[%clk 0:19:15]} 29. cxd5
{[%clk 0:01:51]} Ra3 {[%clk 0:18:59]} 30. Rde1 {[%clk 0:01:28]} Rda8
{[%clk 0:15:43]} 31. Ra1 {[%clk 0:01:33]} Re8 {[%clk 0:15:51]} 32. Rae1
{[%clk 0:01:33]} Rea8 {[%clk 0:15:09]} 1/2-1/2

[Event "MCR druzstev mladsich zaku 2016"]
[Site "Hradec Kralove"]
[Date "2016.06.12"]
[Round "8.15"]
[White "Frank (BSS F-M \"B\"), Adam"]
[Black "Faja (Loko Brno), Vilem"]
[Result "1-0"]
[BlackElo "1633"]
[WhiteElo "1815"]
[LiveChessVersion "1.4.8"]

1. e4 c5 2. Nf3 d6 3. d4 cxd4 4. Nxd4 Nf6 5. Nc3 a6 6. Be3 e6 7. Be2 Be7 8. g4 h6
9. Qd2 b5 10. a3 Bb7 11. Bf3 Nbd7 12. O-O-O Ne5 13. Be2 Nexg4 14. Kb1 Nxe3 15.
Qxe3 Rc8 16. Rhg1 Bf8 17. e5 Nd5 18. Nxd5 Bxd5 19. Nf5 g6 20. exd6 Kd7 21. Qa7+
Ke8 22. Ne3 Ra8 23. Qd4 Bc6 24. Qxh8 1-0

[Event "MCR druzstev mladsich zaku 2016"]
[Site "Hradec Kralove"]
[Date "2016.06.12"]
[Round "8.16"]
[White "Khadash (Loko Brno), Samuel"]
[Black "Odstrcil (BSS F-M \"B\"), Lukas"]
[Result "0-1"]
[BlackElo "1520"]
[WhiteElo "1548"]
[LiveChessVersion "1.4.8"]

1. e4 {[%clk 0:25:11]} e6 {[%clk 0:25:19]} 2. d4 {[%clk 0:25:20]} d5
{[%clk 0:25:21]} 3. Nc3 {[%clk 0:25:28]} Bb4 {[%clk 0:25:20]} 4. e5
{[%clk 0:25:31]} c5 {[%clk 0:25:26]} 5. a3 {[%clk 0:25:40]} Bxc3+
{[%clk 0:25:22]} 6. bxc3 {[%clk 0:25:49]} cxd4 {[%clk 0:24:58]} 7. cxd4
{[%clk 0:25:27]} Ne7 {[%clk 0:24:53]} 8. f4 {[%clk 0:23:29]} Nf5 {[%clk 0:24:36]}
9. Nf3 {[%clk 0:23:10]} O-O {[%clk 0:24:28]} 10. Bd3 {[%clk 0:22:52]} Ne7
{[%clk 0:23:56]} 11. Bxh7+ {[%clk 0:19:53]} Kh8 {[%clk 0:23:29]} 12. Bd3
{[%clk 0:19:29]} g6 {[%clk 0:22:32]} 13. h4 {[%clk 0:17:15]} Kg7 {[%clk 0:22:08]}
14. g4 {[%clk 0:14:03]} Rh8 {[%clk 0:21:03]} 15. g5 {[%clk 0:10:51]} Nd7
{[%clk 0:18:38]} 16. Nd2 Nf8 {[%clk 0:17:51]} 17. h5 {[%clk 0:09:33]} Nf5
{[%clk 0:16:34]} 18. Bxf5 {[%clk 0:08:04]} exf5 {[%clk 0:16:23]} 19. h6+
{[%clk 0:07:49]} Kh7 {[%clk 0:16:27]} 20. Nb3 {[%clk 0:07:03]} b6
{[%clk 0:16:07]} 21. Bd2 {[%clk 0:06:12]} Ne6 {[%clk 0:14:57]} 22. Rh4 Ba6
{[%clk 0:13:47]} 23. Bb4 {[%clk 0:04:31]} Qc7 {[%clk 0:12:53]} 24. Qd2
{[%clk 0:02:36]} Rac8 25. Rc1 Qc4 {[%clk 0:11:17]} 26. Kf2 {[%clk 0:01:21]} Rc6
{[%clk 0:10:44]} 27. Bd6 {[%clk 0:00:41]} Rhc8 {[%clk 0:10:19]} 28. Bb4
{[%clk 0:00:25]} Qxc2 {[%clk 0:09:47]} 29. Rxc2 {[%clk 0:00:19]} Rxc2
{[%clk 0:09:47]} 30. Bc3 {[%clk 0:00:17]} Rxd2+ {[%clk 0:09:52]} 31. Bxd2
{[%clk 0:00:26]} Bc4 {[%clk 0:09:43]} 32. Nc1 {[%clk 0:00:13]} Nxd4
{[%clk 0:09:47]} 33. Be3 {[%clk 0:00:19]} Nc2 {[%clk 0:09:20]} 34. Bd2
{[%clk 0:00:28]} Nxa3 {[%clk 0:09:20]} 35. Rh3 {[%clk 0:00:24]} Nb1
{[%clk 0:08:29]} 36. Bb4 {[%clk 0:00:14]} a5 {[%clk 0:08:11]} 37. Be1
{[%clk 0:00:17]} a4 {[%clk 0:07:47]} 38. Kg1 {[%clk 0:00:27]} a3 {[%clk 0:07:33]}
39. Bf2 {[%clk 0:00:35]} b5 {[%clk 0:06:46]} 40. Bd4 {[%clk 0:00:15]} b4
{[%clk 0:06:49]} 41. Ba1 {[%clk 0:00:24]} Nd2 {[%clk 0:05:47]} 42. Re3
{[%clk 0:00:15]} Rc6 {[%clk 0:05:35]} 43. Kf2 {[%clk 0:00:19]} b3
{[%clk 0:05:00]} 44. Bc3 {[%clk 0:00:20]} Ne4+ {[%clk 0:04:48]} 45. Kg1
{[%clk 0:00:22]} Nxc3 {[%clk 0:04:51]} 46. Rxc3 {[%clk 0:00:31]} b2
{[%clk 0:04:58]} 0-1

[Event "MCR druzstev mladsich zaku 2016"]
[Site "Hradec Kralove"]
[Date "2016.06.12"]
[Round "8.17"]
[White "Dudova (BSS F-M \"B\"), Pavlina"]
[Black "Vavrinkova (Loko Brno), Anna"]
[Result "1/2-1/2"]
[BlackElo "1423"]
[WhiteElo "1472"]
[LiveChessVersion "1.4.8"]

1. e4 {[%clk 0:25:17]} d5 {[%clk 0:25:18]} 2. exd5 {[%clk 0:25:24]} Qxd5
{[%clk 0:25:26]} 3. Nc3 {[%clk 0:25:30]} Qd6 {[%clk 0:25:34]} 4. Nf3
{[%clk 0:25:30]} Bg4 {[%clk 0:25:38]} 5. Be2 {[%clk 0:25:19]} Nf6
{[%clk 0:25:30]} 6. d4 {[%clk 0:22:21]} Nc6 {[%clk 0:24:59]} 7. O-O
{[%clk 0:18:27]} e6 {[%clk 0:24:55]} 8. Re1 {[%clk 0:15:27]} Be7 {[%clk 0:24:23]}
9. Be3 {[%clk 0:12:11]} a6 {[%clk 0:23:34]} 10. Qd2 {[%clk 0:11:09]} O-O
{[%clk 0:23:04]} 11. Rad1 {[%clk 0:10:43]} Rad8 {[%clk 0:22:21]} 12. Bf4
{[%clk 0:06:14]} Qd7 {[%clk 0:21:42]} 13. Ne5 {[%clk 0:05:24]} Nxe5
{[%clk 0:21:38]} 14. Bxe5 {[%clk 0:05:25]} Bxe2 {[%clk 0:21:33]} 15. Rxe2
{[%clk 0:05:22]} Rfe8 {[%clk 0:20:57]} 16. Re3 {[%clk 0:04:41]} Ng4
{[%clk 0:19:32]} 17. Rd3 {[%clk 0:04:14]} Nxe5 {[%clk 0:17:14]} 18. dxe5
{[%clk 0:04:14]} Qc8 {[%clk 0:17:19]} 19. Rxd8 {[%clk 0:03:59]} Rxd8
{[%clk 0:17:21]} 20. Qe2 {[%clk 0:02:46]} Rxd1+ {[%clk 0:16:54]} 21. Qxd1
{[%clk 0:02:51]} Qd8 {[%clk 0:16:39]} 22. Qxd8+ {[%clk 0:02:53]} Bxd8
{[%clk 0:16:48]} 23. f4 {[%clk 0:02:58]} c6 {[%clk 0:16:50]} 24. Kf2
{[%clk 0:02:50]} Kf8 {[%clk 0:16:34]} 25. Ke3 {[%clk 0:02:54]} Ke7
{[%clk 0:16:20]} 26. Ke4 {[%clk 0:02:28]} f6 {[%clk 0:16:07]} 27. exf6+
{[%clk 0:01:44]} Kxf6 {[%clk 0:16:11]} 28. g4 {[%clk 0:01:44]} h6
{[%clk 0:15:59]} 29. h4 {[%clk 0:01:23]} Bc7 {[%clk 0:13:53]} 30. h5
{[%clk 0:00:54]} b5 {[%clk 0:11:08]} 31. b4 {[%clk 0:00:38]} Bd6 {[%clk 0:11:00]}
32. a3 {[%clk 0:00:46]} c5 {[%clk 0:10:07]} 33. Na2 {[%clk 0:00:23]} Be7
{[%clk 0:08:47]} 34. c3 {[%clk 0:00:22]} Bd6 {[%clk 0:08:43]} 35. Nc1
{[%clk 0:00:14]} c4 {[%clk 0:07:32]} 36. Ne2 {[%clk 0:00:16]} Bc7
{[%clk 0:06:27]} 37. Nd4 {[%clk 0:00:19]} e5 {[%clk 0:05:40]} 38. fxe5+
{[%clk 0:00:26]} Bxe5 {[%clk 0:05:48]} 39. Ne2 {[%clk 0:00:28]} Ke6
{[%clk 0:05:28]} 40. Nf4+ {[%clk 0:00:28]} Bxf4 {[%clk 0:04:39]} 41. Kxf4
{[%clk 0:00:36]} Kf6 {[%clk 0:04:48]} 42. Kf3 {[%clk 0:00:40]} Ke5
{[%clk 0:04:36]} 43. Ke3 {[%clk 0:00:48]} Kf6 {[%clk 0:03:32]} 44. Kf4
{[%clk 0:00:57]} Ke6 {[%clk 0:03:37]} 45. Ke4 {[%clk 0:01:05]} Kf6
{[%clk 0:03:45]} 46. Kf4 {[%clk 0:01:14]} g6 {[%clk 0:01:28]} 47. hxg6
{[%clk 0:01:09]} Kxg6 {[%clk 0:01:37]} 48. Kf3 {[%clk 0:01:14]} Kg5
{[%clk 0:01:38]} 49. Kg3 {[%clk 0:01:21]} h5 {[%clk 0:01:11]} 50. gxh5
{[%clk 0:01:30]} Kxh5 {[%clk 0:01:20]} 51. Kf4 {[%clk 0:01:35]} Kh4
{[%clk 0:01:29]} 52. Kf3 {[%clk 0:01:39]} Kg5 {[%clk 0:01:36]} 53. Kg3
{[%clk 0:01:47]} Kf5 {[%clk 0:01:43]} 54. Kf3 {[%clk 0:01:56]} Ke5
{[%clk 0:01:49]} 55. Ke3 {[%clk 0:02:04]} 1/2-1/2

[Event "MCR druzstev mladsich zaku 2016"]
[Site "Hradec Kralove"]
[Date "2016.06.12"]
[Round "8.18"]
[White "Hladky (Loko Brno), Tadeas"]
[Black "Vasinek (BSS F-M \"B\"), Martin"]
[Result "1-0"]
[BlackElo "1425"]
[WhiteElo "1292"]
[LiveChessVersion "1.4.8"]

1. e4 {[%clk 0:25:17]} c5 {[%clk 0:25:15]} 2. Nf3 {[%clk 0:25:25]} Nc6
{[%clk 0:25:23]} 3. Bb5 {[%clk 0:25:32]} g6 {[%clk 0:25:29]} 4. Bxc6
{[%clk 0:25:39]} bxc6 {[%clk 0:25:37]} 5. d3 {[%clk 0:25:47]} Bg7 6. O-O d6
{[%clk 0:25:33]} 7. Nc3 {[%clk 0:25:44]} Nf6 {[%clk 0:25:41]} 8. Re1
{[%clk 0:25:51]} O-O {[%clk 0:25:44]} 9. Qe2 {[%clk 0:25:44]} Qc7
{[%clk 0:25:42]} 10. Bd2 {[%clk 0:24:32]} Bd7 {[%clk 0:25:43]} 11. e5
{[%clk 0:24:24]} dxe5 {[%clk 0:25:34]} 12. Qxe5 {[%clk 0:24:30]} Qxe5
{[%clk 0:24:49]} 13. Rxe5 {[%clk 0:24:37]} Rfe8 {[%clk 0:23:53]} 14. Rxc5
{[%clk 0:22:53]} Rab8 {[%clk 0:23:37]} 15. Nd1 {[%clk 0:20:14]} Nd5
{[%clk 0:23:28]} 16. c3 {[%clk 0:19:52]} e5 {[%clk 0:20:56]} 17. Be3
{[%clk 0:18:31]} f5 {[%clk 0:20:50]} 18. Ra5 {[%clk 0:18:08]} Nxe3
{[%clk 0:20:36]} 19. fxe3 {[%clk 0:18:16]} Rb7 {[%clk 0:20:20]} 20. Nd2
{[%clk 0:18:07]} Re7 {[%clk 0:14:34]} 21. Nb3 {[%clk 0:16:39]} e4
{[%clk 0:14:14]} 22. d4 {[%clk 0:16:29]} Bc8 {[%clk 0:12:50]} 23. Nc5
{[%clk 0:14:58]} Rbc7 {[%clk 0:12:41]} 24. Nf2 {[%clk 0:14:33]} Bh6
{[%clk 0:12:25]} 25. Re1 {[%clk 0:14:39]} Bg7 {[%clk 0:10:44]} 26. Kf1
{[%clk 0:14:04]} g5 {[%clk 0:10:43]} 27. h3 {[%clk 0:14:05]} h6 {[%clk 0:10:50]}
28. Ke2 {[%clk 0:14:11]} Bf8 {[%clk 0:10:37]} 29. Rg1 {[%clk 0:13:58]} Rf7
{[%clk 0:10:33]} 30. Kd2 {[%clk 0:13:19]} Bxc5 {[%clk 0:10:33]} 31. Rxc5
{[%clk 0:13:25]} Bd7 {[%clk 0:08:53]} 32. Ke2 {[%clk 0:13:28]} Rb7
{[%clk 0:08:55]} 33. b4 {[%clk 0:13:08]} Rf6 {[%clk 0:08:43]} 34. a4
{[%clk 0:12:52]} Rf8 {[%clk 0:08:26]} 35. g4 {[%clk 0:10:52]} Kg7
{[%clk 0:07:56]} 36. gxf5 {[%clk 0:09:06]} Rxf5 {[%clk 0:06:50]} 37. Nxe4
{[%clk 0:08:34]} Rxc5 {[%clk 0:06:09]} 38. Nxc5 {[%clk 0:08:41]} Rc7
{[%clk 0:06:12]} 39. Nxd7 {[%clk 0:08:42]} Rxd7 {[%clk 0:06:20]} 40. e4
{[%clk 0:08:34]} a6 {[%clk 0:04:00]} 41. Ke3 {[%clk 0:08:23]} Re7
{[%clk 0:04:02]} 42. e5 {[%clk 0:08:27]} Kg6 {[%clk 0:03:07]} 43. Ke4
{[%clk 0:08:02]} Rf7 {[%clk 0:02:39]} 44. e6 {[%clk 0:06:58]} Re7
{[%clk 0:02:01]} 45. Ke5 {[%clk 0:07:05]} Kg7 {[%clk 0:01:36]} 46. Rf1
{[%clk 0:06:58]} h5 {[%clk 0:01:35]} 47. Kd6 {[%clk 0:07:05]} Re8
{[%clk 0:01:41]} 48. Kd7 {[%clk 0:07:13]} Rg8 {[%clk 0:01:47]} 49. e7
{[%clk 0:07:14]} Kh6 {[%clk 0:01:49]} 50. Rf8 {[%clk 0:07:19]} Rg7
{[%clk 0:01:56]} 51. Kd8 {[%clk 0:07:23]} Rxe7 {[%clk 0:02:04]} 52. Kxe7
{[%clk 0:07:32]} Kg6 {[%clk 0:02:12]} 53. d5 {[%clk 0:07:30]} cxd5
{[%clk 0:02:19]} 54. b5 {[%clk 0:07:38]} a5 {[%clk 0:02:26]} 55. b6
{[%clk 0:07:45]} g4 {[%clk 0:02:35]} 56. Rg8+ {[%clk 0:07:46]} Kh7
{[%clk 0:02:42]} 57. Rxg4 {[%clk 0:07:44]} hxg4 {[%clk 0:02:50]} 58. hxg4
{[%clk 0:07:53]} d4 {[%clk 0:02:59]} 59. b7 {[%clk 0:07:58]} dxc3
{[%clk 0:03:07]} 60. b8=Q {[%clk 0:08:06]} c2 {[%clk 0:03:06]} 61. Qh2+
{[%clk 0:07:42]} Kg7 {[%clk 0:03:13]} 62. Qxc2 {[%clk 0:07:46]} Kg8
{[%clk 0:03:22]} 63. Kf6 {[%clk 0:07:16]} Kh8 {[%clk 0:03:28]} 64. Kg6
{[%clk 0:06:52]} Kg8 {[%clk 0:03:36]} 65. Qc8# 1-0